| 000 | 005800000a22001090004500 | ||
|---|---|---|---|
| 100 | 1 | _aBustelo, Gabriela | |
| 245 | 1 | 0 | _aDos novelas ejemplares |
| 300 | _aVol.0, núm.22 (Julio, 2007), Página 27 | ||
| 520 | _aPasaron por Colombia el ganador y el finalista del primer Premio Iberoamericano Planeta-Casamérica de Narrativa, dotado con 250.000 dólares. Sobre el focio de escribir y sus respectivas novelas hablaron el argentino Pablo de Santis y el peruano Alonso Cueto en el lanzamiento de sus obras en Madrid. | ||
| 773 | 0 | _tArcadia / Andrés Felipe Solano, Editor | |
| 942 | _cANA | ||
| 999 |
_c62277 _d62277 |
||